Metafory v politicko-ekonomickom kontexte mediálneho spravodajstva

Charakteristika publicistického štýlu. Analýza výrazových prostriedkov, akými sa prihovárajú reportéri spravodajstva verejnosti, alebo aké používajú aktéri pôsobiaci v politickej či ekonomickej sfére. Literárne figúry (trópy), ktoré sa uplatňujú vo zvolených výrazoch v spravodajstve politicko-ekono...

ver descrição completa

Na minha lista:
Detalhes bibliográficos
Autor principal: Mocková, Nina, 1987-
Formato: Capítulo de Livro
Idioma:eslovaco
Assuntos:
Tags: Adicionar Tag
Sem tags, seja o primeiro a adicionar uma tag!

MARC

LEADER 00000naa$a2200000$$$4500
001 0258932
005 20240502074109.6
041 0 |a slo 
044 |a SK 
245 1 0 |a Metafory v politicko-ekonomickom kontexte mediálneho spravodajstva  |c Nina Mocková 
520 |a Charakteristika publicistického štýlu. Analýza výrazových prostriedkov, akými sa prihovárajú reportéri spravodajstva verejnosti, alebo aké používajú aktéri pôsobiaci v politickej či ekonomickej sfére. Literárne figúry (trópy), ktoré sa uplatňujú vo zvolených výrazoch v spravodajstve politicko-ekonomického charakteru, a teda ich aktualizácia, resp. používanie v súčasnom politicko-ekonomickom kontexte. 
610 2 0 |a médiá 
610 2 0 |a tlač 
610 2 0 |a internet 
610 2 0 |a televízia 
610 2 0 |a informácie 
610 2 0 |a komunikácia verbálna 
610 2 0 |a politika 
610 2 0 |a ekonómia 
610 2 0 |a analýzy 
100 1 |a Mocková, Nina, 1987-